The corn laws and social England /

Bibliographic Details
Main Author: Fay, C. R. (Charles Ryle), 1884-1961
Format: Book
Language:English
Published: Cambridge [England] : The University Press, 1932.
Subjects:

MARC

Tag First Indicator Second Indicator Subfields
LEADER 00000cam a2200000 4500
001 in00000054311
005 20151008052016.0
008 750424s1932 enk 00010 eng
010 |a  33005760  
035 |a (OCoLC)01297909 
035 |9 AAH1207AM 
040 |a DLC  |c IAU  |d OCL  |d TXA  |d UtOrBLW 
049 |a TXAM  |c [187184] 
050 0 0 |a HF2044  |b .F33 
082 0 |a 337.5 
092 |a 337.5  |b F282c 
100 1 |a Fay, C. R.  |q (Charles Ryle),  |d 1884-1961. 
245 1 4 |a The corn laws and social England /  |c by C. R. Fay. 
264 1 |a Cambridge [England] :  |b The University Press,  |c 1932. 
300 |a x pages, 1 leaf, 223 pages ;  |c 23 cm. 
336 |a text  |b txt  |2 rdacontent 
337 |a unmediated  |b n  |2 rdamedia 
338 |a volume  |b nc  |2 rdacarrier 
650 0 |a Corn laws (Great Britain) 
650 0 |a Grain trade  |z Great Britain. 
651 0 |a Great Britain  |x Commercial policy. 
999 |a MARS 
999 f f |s 3f00bd19-dbe3-342c-85cd-f960c9f981f6  |i 14e9cc4f-f3ce-3aa0-80f7-7269428e0e8a  |t 0 
952 f f |p ric  |a Texas A&M University  |b Rellis Campus  |c Joint Library Facility  |d Remote Storage  |t 0  |e HF2044 .F33  |h Library of Congress classification  |i unmediated -- volume  |m A14800753480 
998 f f |a HF2044 .F33  |t 0  |l Remote Storage